La Mesopotamie : (Record no. 1430)
[ view plain ]
| 000 -CABECERA | |
|---|---|
| campo de control de longitud fija | 00535cam a2200169 a 4500 |
| 001 - NÚMERO DE CONTROL | |
| campo de control | 000001527 |
| 005 - FECHA Y HORA DE LA ÚLTIMA TRANSACCIÓN | |
| campo de control | 20200929145617.0 |
| 008 - DATOS DE LONGITUD FIJA--INFORMACIÓN GENERAL | |
| campo de control de longitud fija | 831117s1923 fr ab 001 0 fre |
| 010 ## - NÚMERO DE CONTROL DE LA BIBLIOTECA DEL CONGRESO | |
| Número de control de LC | 24031998 |
| 040 ## - FUENTE DE LA CATALOGACIÓN | |
| Centro catalogador/agencia de origen | DO-SdBNP |
| Lengua de catalogación | spa |
| Centro/agencia transcriptor | BNPHU |
| 082 ## - NÚMERO DE LA CLASIFICACIÓN DECIMAL DEWEY | |
| Número de clasificación | xxx |
| Número de documento/Ítem | D338m |
| 100 1# - ENTRADA PRINCIPAL--NOMBRE DE PERSONA | |
| Nombre de persona | Louis, Louis, |
| Fechas asociadas al nombre | 1874-1944. |
| 9 (RLIN) | 5020 |
| 245 13 - MENCIÓN DE TÍTULO | |
| Título | La Mesopotamie : |
| Resto del título | les civilisations babylonienne et assyrienne |
| Designación de sección/parte/serie (SE) [OBSOLETO] | Louis Louis |
| 260 ## - PUBLICACIÓN, DISTRIBUCIÓN, ETC. | |
| Lugar de publicación, distribución, etc. | Paris : |
| Nombre del editor, distribuidor, etc. | Renaissance du livre, |
| Fecha de publicación, distribución, etc. | 1923. |
| 300 ## - DESCRIPCIÓN FÍSICA | |
| Extensión | xiv, 423 p. : ; |
| Dimensiones | 19 cm. |
| 650 #4 - PUNTO DE ACCESO ADICIONAL DE MATERIA--TÉRMINO DE MATERIA | |
| Término de materia o nombre geográfico como elemento de entrada | Civilization, assyro-babylonian. |
| 9 (RLIN) | 5021 |
No items available.
